[Event "DLM 2011"]
[Site "Xanten GER"]
[Date "2011.11.03"]
[Round "7"]
[White "Glatzel, Jonas"]
[Black "Kvetny, Mark"]
[Result "1/2-1/2"]
[Termination "normal"]
[Board "3.3"]
[WhiteElo "1906"]
[BlackElo "2125"]
[WhiteTeam "Nordrhein-Westfalen 2"]
[BlackTeam "Württemberg"]
[PlyCount "136"]
[WhiteFideId "12937800"]
[BlackFideId "24603929"]
[EventCountry "GER"]
[EventRounds "7"]
[EventType "team-swiss"]
[EventDate "2011.10.30"]

1. e4 c5 2. c3 d5 3. exd5 Qxd5 4. d4 g6 5. Nf3 Bg7 6. Na3 cxd4 7. Bc4 Qe4+ 8.
Be3 Nh6 9. cxd4 O-O 10. O-O Bg4 11. Nb5 Nc6 12. Bd3 Bxf3 13. Bxe4 Bxd1 14.
Raxd1 a6 15. Nc3 Rac8 16. Bg5 Rfe8 17. Rfe1 Nf5 18. d5 Ne5 19. Bxf5 gxf5 20. d6
exd6 21. Nd5 Ng6 22. h4 h6 23. h5 hxg5 24. hxg6 Be5 25. Rc1 Rxc1 26. Rxc1 fxg6
27. Rc7 Bg7 28. Ne7+ Kh7 29. Rxb7 Kh6 30. Kf1 Bf6 31. Nd5 Be5 32. Rb6 Rc8 33.
Nc3 a5 34. Ra6 Bxc3 35. bxc3 Rxc3 36. Rxa5 Rc2 37. Rd5 Rxa2 38. Rxd6 g4 39. g3
Kh5 40. Rd5 Rb2 41. Ra5 Rb3 42. Kg1 Rb6 43. Kg2 Rf6 44. Rb5 g5 45. Ra5 Kg6 46.
Ra4 f4 47. gxf4 gxf4 48. Ra8 Rf5 49. Rg8+ Kh5 50. Rh8+ Kg5 51. Kh2 Rf6 52. Rg8+
Rg6 53. Rf8 Rh6+ 54. Kg2 f3+ 55. Kg1 Rf6 56. Rg8+ Kf4 57. Re8 Rf5 58. Rg8 Re5
59. Rf8+ Ke4 60. Rg8 Kd3 61. Rd8+ Ke2 62. Ra8 Rd5 63. Re8+ Kd1 64. Kf1 Rd4 65.
Kg1 Rd2 66. Kf1 Re2 67. Rd8+ Rd2 68. Re8 Re2 1/2-1/2

[Event "DLM 2011"]
[Site "Xanten GER"]
[Date "2011.11.03"]
[Round "7"]
[White "Gibicar, Danijel"]
[Black "Flüchter, Gregor"]
[Result "1-0"]
[Termination "normal"]
[Board "3.4"]
[WhiteElo "2061"]
[BlackElo "1895"]
[WhiteTeam "Württemberg"]
[BlackTeam "Nordrhein-Westfalen 2"]
[PlyCount "77"]
[WhiteFideId "24660256"]
[BlackFideId "12903396"]
[EventCountry "GER"]
[EventRounds "7"]
[EventType "team-swiss"]
[EventDate "2011.10.30"]

1. d4 d5 2. c4 c6 3. Nf3 Nf6 4. e3 Bf5 5. Nc3 e6 6. Nh4 Bg6 7. Be2 Nbd7 8. O-O
Bd6 9. g3 O-O 10. Nxg6 hxg6 11. Qb3 Rb8 12. Rd1 Qe7 13. Bd2 Nh7 14. e4 dxc4 15.
Bxc4 Ng5 16. Bxg5 Qxg5 17. Bxe6 fxe6 18. Qxe6+ Rf7 19. Qxd6 Rbf8 20. Qe6 Nf6
21. Qb3 Ng4 22. f4 Qh5 23. Rd2 g5 24. Rf1 Ne3 25. Rff2 Ng4 26. Rg2 gxf4 27.
gxf4 Qh4 28. Rg3 Nxh2 29. Rdg2 Qh6 30. Ne2 c5 31. Rxh2 Qc6 32. Rhg2 c4 33. Qf3
Qb6 34. Qc3 Qc6 35. d5 Qc5+ 36. Qd4 Qxd4+ 37. Nxd4 Rxf4 38. Rxg7+ Kh8 39. Nf5
1-0

[Event "DLM 2011"]
[Site "Xanten GER"]
[Date "2011.11.03"]
[Round "7"]
[White "Rosenfeld, Elisabeth"]
[Black "Schäfer, Daniela"]
[Result "1/2-1/2"]
[Termination "normal"]
[Board "3.5"]
[WhiteElo "1745"]
[BlackElo "1927"]
[WhiteTeam "Nordrhein-Westfalen 2"]
[BlackTeam "Württemberg"]
[PlyCount "111"]
[WhiteFideId "4624742"]
[BlackFideId "4624769"]
[EventCountry "GER"]
[EventRounds "7"]
[EventType "team-swiss"]
[EventDate "2011.10.30"]

1. e4 d6 2. d4 Nf6 3. Nc3 e5 4. dxe5 dxe5 5. Qxd8+ Kxd8 6. Bc4 Ke8 7. Nf3 Bd6
8. O-O c6 9. Rd1 Bc7 10. Be3 Nbd7 11. Rd2 h6 12. a3 Ng4 13. Nd1 Nxe3 14. Nxe3
Nc5 15. Bd3 Be6 16. Rad1 Ke7 17. Nc4 f6 18. b4 Nxd3 19. Rxd3 Rhd8 20. Ne3 g6
21. c4 Rxd3 22. Rxd3 f5 23. Nd2 a5 24. f3 axb4 25. axb4 Ra4 26. Nc2 Ra2 27. Rc3
c5 28. Nb3 cxb4 29. Nxb4 Ra3 30. Nd5+ Bxd5 31. cxd5 Bb6+ 32. Kf1 Kd6 33. Rd3
fxe4 34. fxe4 Ra4 35. Rg3 g5 36. Rh3 Rxe4 37. Rxh6+ Kc7 38. Re6 Rb4 39. Nd2 Rd4
40. Nf3 Rxd5 41. Nxe5 Bc5 42. Ke2 b5 43. Nd3 Bd6 44. h3 b4 45. Kd2 Kc6 46. Kc2
Kb5 47. Re4 Ka4 48. Re3 b3+ 49. Kb1 Rf5 50. Nc1 Rf1 51. Rxb3 Rxc1+ 52. Kxc1
Kxb3 53. Kd2 Kc4 54. Ke3 Kd5 55. Kf3 Ke5 56. Kg4 1/2-1/2

[Event "DLM 2011"]
[Site "Xanten GER"]
[Date "2011.11.03"]
[Round "7"]
[White "Zeller, Elisa"]
[Black "Buckels, Valentin"]
[Result "1/2-1/2"]
[Termination "normal"]
[Board "3.6"]
[WhiteElo "1778"]
[BlackElo "1699"]
[WhiteTeam "Württemberg"]
[BlackTeam "Nordrhein-Westfalen 2"]
[PlyCount "106"]
[WhiteFideId "24662410"]
[BlackFideId "12942766"]
[EventCountry "GER"]
[EventRounds "7"]
[EventType "team-swiss"]
[EventDate "2011.10.30"]

1. e4 c5 2. Nf3 d6 3. d4 cxd4 4. Nxd4 Nf6 5. Nc3 g6 6. Be2 Bg7 7. Be3 O-O 8.
O-O Nc6 9. f3 a6 10. Qd2 Nxd4 11. Bxd4 b5 12. Kh1 Bb7 13. Nd5 Nxd5 14. Bxg7
Kxg7 15. exd5 Qb6 16. Rad1 Rac8 17. f4 f6 18. c3 Rc5 19. Bf3 Qc7 20. Qe3 Rf7
21. Rfe1 Bc8 22. Rc1 Qd8 23. Be4 Bb7 24. Rcd1 Qc8 25. Qf2 Qd8 26. f5 Qa8 27.
Qf3 Qh8 28. Qg4 g5 29. Bf3 Rc4 30. Rd4 Rc7 31. Qh5 Bc8 32. Be4 Bd7 33. Re3 Be8
34. Rh3 Rf8 35. Qh6+ Kg8 36. Bf3 Qg7 37. Qxg7+ Kxg7 38. Bh5 Bd7 39. Rf3 Rfc8
40. Re4 Be8 41. Bxe8 Rxe8 42. Rfe3 Kf7 43. a4 Rc5 44. Rd3 a5 45. h3 h5 46. Kh2
$11 Rb8 47. b4 axb4 48. Rxb4 Rbc8 49. axb5 Rxc3 50. Rdd4 Rb8 51. b6 Rb7 52. Rb5
Rc8 53. Rdb4 Rcb8 1/2-1/2

[Event "DLM 2011"]
[Site "Xanten GER"]
[Date "2011.11.03"]
[Round "7"]
[White "Bork, Sophie"]
[Black "Rausch, Adrian"]
[Result "1/2-1/2"]
[Termination "normal"]
[Board "3.7"]
[WhiteElo "1488"]
[BlackElo "1667"]
[WhiteTeam "Nordrhein-Westfalen 2"]
[BlackTeam "Württemberg"]
[PlyCount "84"]
[WhiteFideId "12905429"]
[BlackFideId "12929069"]
[EventCountry "GER"]
[EventRounds "7"]
[EventType "team-swiss"]
[EventDate "2011.10.30"]

1. e4 c6 2. d4 d5 3. exd5 cxd5 4. c4 Nf6 5. Nc3 e6 6. Nf3 Bb4 7. cxd5 Nxd5 8.
Bd2 Be7 9. Bd3 Nf6 10. a3 O-O 11. O-O b6 12. Re1 Bb7 13. Be3 Nbd7 14. Qe2 Re8
15. Rad1 Nd5 16. Ne4 h6 17. Bb1 Rc8 18. Qd3 N5f6 19. Nxf6+ Nxf6 20. Ne5 Be4 21.
Qd2 Bxb1 22. Rxb1 Bf8 23. Qd3 Qc7 24. Rbc1 Qb7 25. Rcd1 Rc7 26. Re2 Nd5 27. Qb3
Rec8 28. Rde1 Bd6 29. Nf3 Qa6 30. h3 Qc4 31. Qd1 b5 32. Ne5 Bxe5 33. dxe5 a5
34. Qd2 b4 35. axb4 axb4 36. g3 Qb3 37. Qd4 Qc4 38. Qxc4 Rxc4 39. f4 Nxe3 40.
Rxe3 Rc2 41. R3e2 b3 42. Kf2 f6 1/2-1/2

[Event "DLM 2011"]
[Site "Xanten GER"]
[Date "2011.11.03"]
[Round "7"]
[White "Lederer, Leia"]
[Black "Gatzke, Carolin"]
[Result "0-1"]
[Termination "normal"]
[Board "3.8"]
[WhiteElo "1160"]
[BlackElo "1409"]
[WhiteTeam "Württemberg"]
[BlackTeam "Nordrhein-Westfalen 2"]
[PlyCount "114"]
[WhiteFideId "12926353"]
[BlackFideId "12943746"]
[EventCountry "GER"]
[EventRounds "7"]
[EventType "team-swiss"]
[EventDate "2011.10.30"]

1. e4 c5 2. Nf3 a6 3. d4 cxd4 4. Nxd4 Nf6 5. Nc3 e5 6. Nf3 Bb4 7. Nxe5 Qe7 8.
Qd4 Bc5 9. Qd3 Qxe5 10. Be2 Nc6 11. f4 Qd4 12. Qf3 d6 13. h3 Nb4 14. Bd1 O-O
15. a3 Nc6 16. Be2 Re8 17. Bd3 Ba7 18. Bd2 Bd7 19. O-O-O Qf2 20. Rdf1 Qxf3 21.
Rxf3 Nd4 22. Rg3 h6 23. f5 Nxe4 24. Nxe4 Rxe4 25. Bxh6 Nxf5 26. Rxg7+ Nxg7 27.
Bxe4 Bc6 28. Bd3 Re8 29. Kd2 Bxg2 30. Rh2 Bc6 31. h4 Bf3 32. Rh3 Bc6 33. Rg3
Bd4 34. h5 Kh8 35. Rh3 Bd7 36. Rh1 Nf5 37. Bxf5 Bxf5 38. Rf1 Be6 39. Re1 Kh7
40. Bf4 b5 41. Re4 Bxb2 42. Ke1 Bxa3 43. Kf2 Rg8 44. Ke3 Bc5+ 45. Kd2 Rg2+ 46.
Kc3 Bf5 47. Re7 b4+ 48. Kc4 Rxc2+ 49. Kd5 Be6+ 50. Kc6 Be3+ 51. Kb7 Bxf4 52.
Kxa6 b3 53. h6 b2 54. Ka7 b1=Q 55. Rb7 Be3+ 56. Ka8 Bd5 57. Kb8 Qxb7# 0-1

[Event "DLM 2011"]
[Site "Xanten GER"]
[Date "2011.11.03"]
[Round "7"]
[White "Weber, Max"]
[Black "Dann, Matthias"]
[Result "0-1"]
[Termination "normal"]
[Board "4.1"]
[BlackTitle "FM"]
[WhiteElo "2026"]
[BlackElo "2379"]
[WhiteTeam "Mecklenburg-Vorpommern"]
[BlackTeam "Rheinland-Pfalz"]
[PlyCount "66"]
[WhiteFideId "4624831"]
[BlackFideId "24638056"]
[EventCountry "GER"]
[EventRounds "7"]
[EventType "team-swiss"]
[EventDate "2011.10.30"]

1. d4 Nf6 2. c4 g6 3. g3 Bg7 4. Bg2 c5 5. d5 O-O 6. Nc3 d6 7. Nf3 Na6 8. O-O
Nc7 9. h3 b5 10. cxb5 Rb8 11. a4 a6 12. bxa6 Bxa6 13. Nd2 Nd7 14. Rb1 Nb6 15.
Qc2 Qd7 16. Re1 Bxc3 17. bxc3 Qxa4 18. Qxa4 Nxa4 19. Ra1 Nxc3 20. Bf3 f5 21.
Ra3 N3b5 22. Re3 Rfe8 23. Nb3 c4 24. Na5 Nd4 25. Rd1 Nxf3+ 26. exf3 Rb5 27.
Nxc4 Rxd5 28. Nd2 Kf7 29. f4 h6 30. h4 Rd3 31. Rde1 Nd5 32. Re6 Rc8 33. R6e2
Rcc3 0-1

[Event "DLM 2011"]
[Site "Xanten GER"]
[Date "2011.11.03"]
[Round "7"]
[White "Grünter, Martin"]
[Black "Schreiber, Kevin"]
[Result "1-0"]
[Termination "normal"]
[Board "4.2"]
[WhiteElo "2242"]
[BlackElo "1819"]
[WhiteTeam "Rheinland-Pfalz"]
[BlackTeam "Mecklenburg-Vorpommern"]
[PlyCount "45"]
[WhiteFideId "24640352"]
[BlackFideId "24655830"]
[EventCountry "GER"]
[EventRounds "7"]
[EventType "team-swiss"]
[EventDate "2011.10.30"]

1. e4 d5 2. exd5 Qxd5 3. Nc3 Qd6 4. d4 Nf6 5. Nf3 c6 6. Ne5 Bf5 7. Bf4 Qb4 8.
Nc4 Ne4 9. Qf3 Nxc3 10. a3 Qb5 11. Nd6+ exd6 12. Bxb5 Nxb5 13. O-O-O Be6 14.
Rhe1 Be7 15. d5 cxd5 16. c4 Nc7 17. cxd5 Nxd5 18. Rxd5 Bxd5 19. Qxd5 Nc6 20.
Bxd6 Rd8 21. Qc5 Rd7 22. Bxe7 Rxe7 23. Rxe7+ 1-0

[Event "DLM 2011"]
[Site "Xanten GER"]
[Date "2011.11.03"]
[Round "7"]
[White "Ispirjan, Mikael"]
[Black "Carow, Johannes"]
[Result "0-1"]
[Termination "normal"]
[Board "4.3"]
[WhiteElo "1923"]
[BlackElo "2172"]
[WhiteTeam "Mecklenburg-Vorpommern"]
[BlackTeam "Rheinland-Pfalz"]
[PlyCount "126"]
[WhiteFideId "1271217"]
[BlackFideId "24692050"]
[EventCountry "GER"]
[EventRounds "7"]
[EventType "team-swiss"]
[EventDate "2011.10.30"]

1. e4 c5 2. Nf3 e6 3. d4 cxd4 4. Nxd4 a6 5. Nc3 Qc7 6. Be2 b5 7. a3 Bb7 8. O-O
Nf6 9. Qd3 d6 10. f4 Nbd7 11. Bf3 Be7 12. Bd2 O-O 13. Rae1 Nb6 14. Kh1 Rac8 15.
Qe2 Rfd8 16. Nd1 Nc4 17. Bc1 Qb6 18. c3 Re8 19. Ne3 Na5 20. Ng4 Nd7 21. e5 Bxf3
22. Qxf3 Kh8 23. f5 Nxe5 24. Rxe5 dxe5 25. f6 gxf6 26. Nxf6 Qb7 27. Nxe8 Qxf3
28. Nxf3 Rxe8 29. Nxe5 f6 30. Nf3 Nc6 31. Be3 Rd8 32. Kg1 Kg7 33. Kf2 Kf7 34.
Ke2 Ke8 35. Nd2 Ne5 36. Bd4 Nd7 37. c4 e5 38. Bc3 Kf7 39. cxb5 axb5 40. Ne4 Rg8
41. g3 Ke6 42. Rd1 f5 43. Nf2 h5 44. Nd3 h4 45. Be1 hxg3 46. Bxg3 Bd6 47. Rf1
Rh8 48. h4 Rf8 49. Be1 f4 50. Bb4 Bxb4 51. Nxb4 Rh8 52. Rh1 e4 53. Nc6 Nf6 54.
Nd4+ Ke5 55. Nxb5 f3+ 56. Ke1 e3 57. Nc3 Kf4 58. Nd1 Ng4 59. Rh3 Rd8 60. Nc3
Nf2 61. Rh2 Kg3 62. Rxf2 exf2+ 63. Kf1 Re8 0-1

[Event "DLM 2011"]
[Site "Xanten GER"]
[Date "2011.11.03"]
[Round "7"]
[White "Yankelevich, Lev"]
[Black "Siegert, Gregor"]
[Result "1-0"]
[Termination "normal"]
[Board "4.4"]
[WhiteElo "2072"]
[BlackElo "1761"]
[WhiteTeam "Rheinland-Pfalz"]
[BlackTeam "Mecklenburg-Vorpommern"]
[PlyCount "51"]
[WhiteFideId "24684074"]
[BlackFideId "1271250"]
[EventCountry "GER"]
[EventRounds "7"]
[EventType "team-swiss"]
[EventDate "2011.10.30"]

1. e4 c5 2. Nf3 e6 3. d4 cxd4 4. Nxd4 a6 5. Nc3 Qc7 6. g3 Nf6 7. Bg2 Bb4 8. Bd2
Nc6 9. Nb3 b5 10. a4 bxa4 11. Rxa4 a5 12. O-O Ba6 13. Re1 d6 14. Nb1 Bb5 15.
Ra1 O-O 16. c3 a4 17. cxb4 axb3 18. Na3 Ba4 19. Bc3 Rfb8 20. b5 Ne7 21. e5 Nfd5
22. exd6 Qxd6 23. Be5 Qb4 24. Re4 Qa5 25. Qg4 g6 26. Rxa4 1-0

[Event "DLM 2011"]
[Site "Xanten GER"]
[Date "2011.11.03"]
[Round "7"]
[White "Hingst, Silke"]
[Black "Perske, Thore"]
[Result "1-0"]
[Termination "normal"]
[Board "4.5"]
[WhiteElo "1849"]
[BlackElo "1909"]
[WhiteTeam "Mecklenburg-Vorpommern"]
[BlackTeam "Rheinland-Pfalz"]
[PlyCount "57"]
[WhiteFideId "4624564"]
[BlackFideId "12902195"]
[EventCountry "GER"]
[EventRounds "7"]
[EventType "team-swiss"]
[EventDate "2011.10.30"]

1. f4 Nf6 2. Nf3 g6 3. g3 Bg7 4. Bg2 O-O 5. O-O c5 6. d3 d6 7. c3 Nc6 8. a4 a6
9. Bd2 Rb8 10. Nh4 Bd7 11. f5 b5 12. Qc1 Qb6 13. Na3 Na5 14. Qc2 c4+ 15. d4
Rfc8 16. fxg6 hxg6 17. Nxg6 fxg6 18. Rxf6 exf6 19. Bd5+ Kh7 20. Qe4 Bh6 21.
Qe7+ Bg7 22. Qe4 Bh6 23. Qh4 g5 24. Qe4+ f5 25. Qe7+ Kh8 26. Qf6+ Bg7 27. Qxg5
Bxd4+ 28. Kg2 Be6 29. Qh6+ 1-0

[Event "DLM 2011"]
[Site "Xanten GER"]
[Date "2011.11.03"]
[Round "7"]
[White "Schwarz, Larissa"]
[Black "Schmekel, Florian"]
[Result "1/2-1/2"]
[Termination "normal"]
[Board "4.6"]
[WhiteElo "1807"]
[BlackElo "1551"]
[WhiteTeam "Rheinland-Pfalz"]
[BlackTeam "Mecklenburg-Vorpommern"]
[PlyCount "45"]
[WhiteFideId "24699004"]
[BlackFideId "12913456"]
[EventCountry "GER"]
[EventRounds "7"]
[EventType "team-swiss"]
[EventDate "2011.10.30"]

1. e4 c5 2. Nf3 Nc6 3. d4 cxd4 4. Nxd4 g6 5. c4 Bg7 6. Be3 Nf6 7. Nc3 d6 8. Be2
O-O 9. O-O Bd7 10. Qd2 Nxd4 11. Bxd4 Bc6 12. Bd3 Nd7 13. Bxg7 Kxg7 14. Rae1 Ne5
15. Re3 Bd7 16. f4 Nc6 17. f5 f6 18. Rh3 g5 19. Qe2 Be8 20. Nd5 Bf7 21. Rg3 h6
22. h4 Rh8 23. b3 1/2-1/2

[Event "DLM 2011"]
[Site "Xanten GER"]
[Date "2011.11.03"]
[Round "7"]
[White "Klinge, Alexandra"]
[Black "Röhlich, Anna"]
[Result "0-1"]
[Termination "normal"]
[Board "4.7"]
[WhiteElo "1337"]
[BlackElo "1526"]
[WhiteTeam "Mecklenburg-Vorpommern"]
[BlackTeam "Rheinland-Pfalz"]
[PlyCount "38"]
[EventCountry "GER"]
[EventRounds "7"]
[EventType "team-swiss"]
[EventDate "2011.10.30"]

1. e4 c5 2. Nf3 g6 3. Nc3 Bg7 4. Bc4 Nc6 5. O-O d6 6. h3 Nf6 7. d3 O-O 8. Bg5
a6 9. a4 Bd7 10. Nh2 Nd4 11. f4 b5 12. Bd5 Rb8 13. a5 b4 14. Ne2 Nxd5 15. exd5
Qe8 16. Kh1 e6 17. Nxd4 Bxd4 18. Ng4 f5 19. Rb1 fxg4 0-1

[Event "DLM 2011"]
[Site "Xanten GER"]
[Date "2011.11.03"]
[Round "7"]
[White "Sanati, Charlotte"]
[Black "Sadewasser, Lucie"]
[Result "1-0"]
[Termination "normal"]
[Board "4.8"]
[WhiteElo "1421"]
[BlackElo "1292"]
[WhiteTeam "Rheinland-Pfalz"]
[BlackTeam "Mecklenburg-Vorpommern"]
[PlyCount "97"]
[WhiteFideId "12907707"]
[BlackFideId "12905445"]
[EventCountry "GER"]
[EventRounds "7"]
[EventType "team-swiss"]
[EventDate "2011.10.30"]

1. e4 e5 2. Nf3 Nc6 3. Bb5 a6 4. Ba4 Nf6 5. O-O b5 6. Bb3 Be7 7. Re1 d6 8. c3
O-O 9. h3 Bb7 10. d3 Nb8 11. Nbd2 Nbd7 12. Nf1 c5 13. Ng3 a5 14. a4 b4 15. cxb4
cxb4 16. Be3 h6 17. Nf5 Kh7 18. Qd2 Ng8 19. Rac1 Ndf6 20. Nh2 d5 21. exd5 Bxd5
22. Bxd5 Nxd5 23. Nxe7 Ndxe7 24. Bc5 f6 25. Qc2 Kh8 26. Qc4 Qc8 27. Qb5 Qd8 28.
Bb6 Qd5 29. Rc5 Qa2 30. Bxa5 Qxb2 31. Qc4 Rfc8 32. Rxc8 Rxc8 33. Qxb4 Qxb4 34.
Bxb4 Nc6 35. Rc1 Nge7 36. Bxe7 Nxe7 37. Rxc8+ Nxc8 38. Ng4 Kg8 39. f3 Kf7 40.
Kf2 Ke6 41. Ne3 g6 42. a5 h5 43. Nc4 Kd5 44. Ke3 f5 $11 45. Nb6+ Nxb6 46. axb6
Kc6 47. f4 exf4+ 48. Kxf4 Kxb6 49. Kg5 1-0

[Event "DLM 2011"]
[Site "Xanten GER"]
[Date "2011.11.03"]
[Round "7"]
[White "Bräuer, Franz"]
[Black "Powierski, Emil"]
[Result "1-0"]
[Termination "normal"]
[Board "5.1"]
[WhiteElo "2172"]
[BlackElo "2022"]
[WhiteTeam "Thüringen"]
[BlackTeam "Schleswig-Holstein/NDS"]
[PlyCount "93"]
[WhiteFideId "24634468"]
[BlackFideId "4656199"]
[EventCountry "GER"]
[EventRounds "7"]
[EventType "team-swiss"]
[EventDate "2011.10.30"]

1. Nf3 c5 2. b3 Nc6 3. Bb2 d6 4. c4 e5 5. d3 g6 6. g3 Bg7 7. Bg2 Nge7 8. O-O
O-O 9. Nc3 h6 10. Ne1 Be6 11. Nd5 Bd7 12. Nc2 Nxd5 13. Bxd5 Rb8 14. e3 Ne7 15.
Bg2 Bc6 16. Rb1 Bxg2 17. Kxg2 d5 18. Qe2 dxc4 19. bxc4 Qc7 20. Kg1 Rfd8 21. e4
Rd7 22. Bc3 Rbd8 23. Rfd1 Kh7 24. Ne3 Re8 25. Rb3 Red8 26. Ba1 f5 27. Rdb1 Qc6
28. Nd5 fxe4 29. dxe4 b6 30. Bc3 Rf8 31. Qb2 Nxd5 32. exd5 Qd6 33. Re1 Rdf7 34.
Re2 h5 35. h4 Rf3 36. Qc2 R8f7 37. Bb2 Rxb3 38. Qxb3 Rf5 39. Re4 Qf8 40. Qe3
Qd6 41. Qe2 Bf6 42. Bc3 Kh6 43. f3 Kh7 44. Kg2 Kg7 45. g4 hxg4 46. fxg4 Rf4 47.
g5 1-0

[Event "DLM 2011"]
[Site "Xanten GER"]
[Date "2011.11.03"]
[Round "7"]
[White "Urban, Lars"]
[Black "Polert, Annika"]
[Result "1/2-1/2"]
[Termination "normal"]
[Board "5.3"]
[WhiteElo "1970"]
[BlackElo "1792"]
[WhiteTeam "Thüringen"]
[BlackTeam "Schleswig-Holstein/NDS"]
[PlyCount "71"]
[WhiteFideId "4644034"]
[BlackFideId "24692328"]
[EventCountry "GER"]
[EventRounds "7"]
[EventType "team-swiss"]
[EventDate "2011.10.30"]

1. d4 Nf6 2. c4 c5 3. d5 b5 4. Qc2 b4 5. b3 g6 6. Bb2 Bg7 7. e4 d6 8. h3 e6 9.
Nf3 Qe7 10. Be2 O-O 11. O-O e5 12. Nh2 Ne8 13. Nd2 f5 14. f4 a5 15. Rae1 a4 16.
fxe5 Bxe5 17. Bxe5 Qxe5 18. Bd3 axb3 19. axb3 fxe4 20. Rxe4 Qg7 21. Rxf8+ Kxf8
22. Nhf3 Nf6 23. Re1 Ra7 24. Ng5 Re7 25. Rf1 Kg8 26. Qb2 Nh5 27. Qxg7+ Kxg7 28.
Nde4 h6 29. Nxd6 hxg5 30. Nxc8 Re3 31. Bc2 Nf4 32. Bd1 Nd7 33. Kh2 Rd3 34. Nd6
Rd2 35. Bf3 Rb2 36. Ra1 1/2-1/2

[Event "DLM 2011"]
[Site "Xanten GER"]
[Date "2011.11.03"]
[Round "7"]
[White "Diederichs, Luise"]
[Black "Hoffmann, Tim"]
[Result "1/2-1/2"]
[Termination "normal"]
[Board "5.4"]
[WhiteTitle "NDS"]
[WhiteElo "1748"]
[BlackElo "1881"]
[WhiteTeam "Schleswig-Holstein/NDS"]
[BlackTeam "Thüringen"]
[PlyCount "43"]
[WhiteFideId "24661597"]
[BlackFideId "12900338"]
[EventCountry "GER"]
[EventRounds "7"]
[EventType "team-swiss"]
[EventDate "2011.10.30"]

1. c4 c5 2. g3 Nc6 3. Bg2 g6 4. Nc3 Bg7 5. e4 e5 6. Nge2 Nge7 7. O-O O-O 8. d3
d6 9. h3 h6 10. Rb1 a5 11. a3 $11 f5 12. f4 Kh7 13. Kh2 Rb8 14. Be3 Be6 15. Qd2
fxe4 16. Bxe4 Nf5 17. fxe5 Nxe5 18. Nf4 Nxe3 19. Qxe3 Bf5 20. Bxf5 Rxf5 21. g4
Rf7 22. Kg2 1/2-1/2

[Event "DLM 2011"]
[Site "Xanten GER"]
[Date "2011.11.03"]
[Round "7"]
[White "Nguyen, Huy Dat"]
[Black "Wegner, Florian"]
[Result "1/2-1/2"]
[Termination "normal"]
[Board "5.5"]
[WhiteElo "1733"]
[BlackElo "1747"]
[WhiteTeam "Thüringen"]
[BlackTeam "Schleswig-Holstein/NDS"]
[PlyCount "77"]
[WhiteFideId "12923486"]
[BlackFideId "12909416"]
[EventCountry "GER"]
[EventRounds "7"]
[EventType "team-swiss"]
[EventDate "2011.10.30"]

1. d4 Nf6 2. Nf3 d6 3. c4 Nbd7 4. Bf4 g6 5. g3 Bg7 6. Bg2 O-O 7. O-O c5 8. d5
a6 9. Nc3 b5 10. cxb5 axb5 11. a3 Bb7 12. Ne1 b4 13. Na4 Bxd5 14. axb4 Bxg2 15.
Kxg2 cxb4 16. Nd3 Qa5 17. Bd2 Qd5+ 18. Kg1 b3 19. Nc3 Rxa1 20. Nxd5 Rxd1 21.
Nxe7+ Kh8 22. Rxd1 Re8 23. Nc6 Ne4 24. Be3 Ndc5 25. Nd4 Nxd3 26. Rxd3 Nc5 27.
Rd2 Ne4 $11 28. Rd1 Kg8 29. Nxb3 Bxb2 30. Bd4 Bxd4 31. Nxd4 Nc3 32. Rd2 Kg7 33.
e3 Ne4 34. Rd1 Rd8 35. f3 Nf6 36. Kf2 d5 $11 37. Ra1 Rd7 38. h4 h5 39. Rd1
1/2-1/2

[Event "DLM 2011"]
[Site "Xanten GER"]
[Date "2011.11.03"]
[Round "7"]
[White "Michels, Kim"]
[Black "Rieper, Julian"]
[Result "1/2-1/2"]
[Termination "normal"]
[Board "5.7"]
[WhiteElo "1646"]
[BlackElo "1507"]
[WhiteTeam "Thüringen"]
[BlackTeam "Schleswig-Holstein/NDS"]
[PlyCount "113"]
[WhiteFideId "24690066"]
[BlackFideId "12936960"]
[EventCountry "GER"]
[EventRounds "7"]
[EventType "team-swiss"]
[EventDate "2011.10.30"]

1. e4 e5 2. Nf3 Nc6 3. Bc4 Bc5 4. c3 d6 5. d4 exd4 6. cxd4 Bb4+ 7. Nc3 Nf6 8.
O-O O-O 9. Bg5 Re8 10. Re1 Bxc3 11. bxc3 Qd7 12. e5 dxe5 13. d5 e4 14. dxc6
Qxd1 15. Raxd1 exf3 16. Rxe8+ Nxe8 17. Rd8 Kf8 18. Bd5 b6 19. Bxf3 f6 20. Bh5
g6 21. Bg4 Bxg4 22. Bh6+ Kf7 23. Rxa8 a5 24. f3 Be6 25. Bf4 Ke7 26. a3 Bd5 27.
Rc8 Bxc6 28. Bxc7 Kd7 29. Rxe8 Kxe8 30. Bxb6 a4 31. Kf2 Kd7 32. Ke3 Kd6 33. Kd4
f5 34. Bd8 Be8 35. Bg5 Bd7 36. c4 Bc6 37. Kc3 Bb7 38. Kb4 Bc6 39. Bf4+ Ke6 40.
Kc5 Be8 41. Kb6 Bd7 42. Kc7 Be8 43. g4 fxg4 44. fxg4 h5 45. gxh5 gxh5 46. Bd6
Bd7 47. c5 Be8 $11 48. Kb6 Kd5 49. Bg3 Bc6 50. Bf2 Be8 51. Ka5 Bc6 52. Kb4 Be8
53. Kc3 Bb5 54. Kd2 Be8 55. Ke2 Kc6 56. Kf3 Kb5 57. Kf4 1/2-1/2

[Event "DLM 2011"]
[Site "Xanten GER"]
[Date "2011.11.03"]
[Round "7"]
[White "Ruiz, Lisa"]
[Black "Allin, Katharina"]
[Result "0-1"]
[Termination "normal"]
[Board "5.8"]
[WhiteElo "1083"]
[BlackElo "1284"]
[WhiteTeam "Schleswig-Holstein/NDS"]
[BlackTeam "Thüringen"]
[PlyCount "56"]
[BlackFideId "12903779"]
[EventCountry "GER"]
[EventRounds "7"]
[EventType "team-swiss"]
[EventDate "2011.10.30"]

1. e4 e5 2. Nf3 Nc6 3. Bc4 Bc5 4. c3 Nf6 5. d3 a6 6. b4 Ba7 7. Nbd2 d6 8. h3
Ne7 9. Bb3 Be6 10. Bc2 Ng6 11. Nf1 h6 12. Be3 Nf4 13. Bxf4 exf4 14. d4 Qe7 15.
Qd3 Bf5 16. N1d2 d5 17. Nh2 dxe4 18. Qe2 O-O 19. f3 Rfe8 20. O-O-O Nd5 21. Nxe4
Bxe4 22. Qxe4 Qxe4 23. Bxe4 Nxc3 24. Bxb7 Rab8 25. Bc6 Nxa2+ 26. Kb2 Re2+ 27.
Ka3 Nxb4 28. Ba4 Rxg2 0-1